| 000 | 00539nam a22001937a 4500 | ||
|---|---|---|---|
| 999 |
_c169802 _d169802 |
||
| 005 | 20191204162130.0 | ||
| 010 | _a386083 | ||
| 020 |
_c20.50 _a- |
||
| 035 | _a386083 | ||
| 037 | _bBPPD | ||
| 082 | _a025.3 | ||
| 100 | _aمحمد ز بير | ||
| 245 |
_aکيٹلا گ سا ز ی _cمحمد ز بير |
||
| 246 |
_aCatalouge Sazi (Urdu) _bby Mohd.Zuber |
||
| 260 |
_aU.P _bAdabi Duniya _c1963 ء |
||
| 270 |
_aDiggi Road _bAligarh _e6 _k- |
||
| 300 |
_a256 ص _c22 cm(hb) |
||
| 942 |
_2ddc _cUR _h025.3 _mم ح م |
||